Quand le féminisme fait dans la dentelle (notice n° 1870016)

détails MARC
000 -LEADER
fixed length control field 01480cam a2200157 4500500
005 - DATE AND TIME OF LATEST TRANSACTION
control field 20260329012328.0
041 ## - LANGUAGE CODE
Language code of text/sound track or separate title fre
042 ## - AUTHENTICATION CODE
Authentication code dc
100 10 - MAIN ENTRY--PERSONAL NAME
Personal name Sibony, Judith
Relator term author
245 00 - TITLE STATEMENT
Title Quand le féminisme fait dans la dentelle
260 ## - PUBLICATION, DISTRIBUTION, ETC.
Date of publication, distribution, etc. 2024.<br/>
500 ## - GENERAL NOTE
General note 51
520 ## - SUMMARY, ETC.
Summary, etc. Le rap est la deuxième musique la plus écoutée dans le monde. Cela seul justifierait d’aller y voir de près. Ce succès ne va pas de soi, si l’on considère que le rap s’avance sous le signe de la transgression des codes officiels et des valeurs mainstream. Il correspond à une rupture générationnelle qui n’est pas sans rappeler celle qu’a représentée le rock’n’roll dans les années cinquante et soixante. Le rap divise les familles comme le rock en son temps. Le phénomène est d’autant plus remarquable que le rock représentait l’appropriation-exploitation d’un genre musical minoritaire, le blues développé par la minorité noire, par le courant majoritaire représenté par la majorité blanche. Le rap, à l’opposé, est l’emblème revendiqué d’une culture minoritaire qui s’impose à la majorité. Rencontre avec l’historienne et essayiste Bénédicte Delorme-Montini, auteure de La Gloire du rap. Les derniers seront les premiers ().
786 0# - DATA SOURCE ENTRY
Note Revue des deux Mondes | Septembre | 6 | 2024-09-01 | p. 163-165 | 2266-4734
856 41 - ELECTRONIC LOCATION AND ACCESS
Uniform Resource Identifier <a href="https://shs.cairn.info/revue-revue-des-deux-mondes-2024-6-page-163?lang=fr&redirect-ssocas=7080">https://shs.cairn.info/revue-revue-des-deux-mondes-2024-6-page-163?lang=fr&redirect-ssocas=7080</a>

Pas d'exemplaire disponible.

PLUDOC

PLUDOC est la plateforme unique et centralisée de gestion des bibliothèques physiques et numériques de Guinée administré par le CEDUST. Elle est la plus grande base de données de ressources documentaires pour les Étudiants, Enseignants chercheurs et Chercheurs de Guinée.

Adresse

627 919 101/664 919 101

25 boulevard du commerce
Kaloum, Conakry, Guinée

Réseaux sociaux

Powered by Netsen Group @ 2025